| 000 | 00374nam a2200133Ia 4500 | ||
|---|---|---|---|
| 008 | 210716s2011 xx 000 0 und d | ||
| 041 | _aeng | ||
| 082 | _a621.3821 RAYJ | ||
| 100 | _aRay, John. | ||
| 245 |
_aSams teach yourself iphone application development: in 24 hours. _bIn 24 hours. |
||
| 250 | _a1 | ||
| 260 |
_aNew Delhi _bPearson Education _c2011 |
||
| 300 | _aix,691 | ||
| 999 |
_c192307 _d192307 |
||